LEADER 01459nam--2200433---450- 001 990000442990203316 005 20051024084736.0 010 $a88-221-0276-2 035 $a0044299 035 $aUSA010044299 035 $a(ALEPH)000044299USA01 035 $a0044299 100 $a20010514h19861994km-y0itay0103----ba 101 $aita 102 $aITA 105 $a||||||||001yy 200 1 $a<> matematica$edella scuola dell'infanzia alla scuola elementare$edai giochi protomatematici alla metematica del primo ciclo$fMaria Luisa Caldelli, Bruno D'Amore 210 $aScandicci$cLa nuova Italia$d1986$h1994 215 $aVIII, 112 p.$cill.$d21 cm 225 2 $aDidattica viva$v102 410 $12001$aDidattica viva$v102 461 1$1001-------$12001 606 0 $aMatematica$xInsegnamento$yScuola elamentare 676 $a372.73044 700 1$aCALDELLI,$bMaria Luisa$0155585 701 1$aD'AMORE,$bBruno$f<1946- > $046064 801 0$aIT$bsalbc$gISBD 912 $a990000442990203316 951 $aII.4. Coll.38/ 78(VI ps C COLL 9/102)$b146105 LM$cVI ps C COLL 9 959 $aBK 969 $aUMA 979 $aPATTY$b90$c20010514$lUSA01$h1036 979 $c20020403$lUSA01$h1652 979 $aPATRY$b90$c20040406$lUSA01$h1631 979 $aPAOLA$b90$c20041102$lUSA01$h1137 979 $aCOPAT5$b90$c20051024$lUSA01$h0847 979 $aANNAMARIA$b90$c20120105$lUSA01$h0954 996 $aMatematica$9890343 997 $aUNISA LEADER 03137oam 2200649z 450 001 9910765520903321 005 20240717124216.0 010 $a2-35613-593-6 024 7 $a10.4000/books.ausonius.19828 035 $a(PPN)273870920 035 $a(CKB)5840000000412325 035 $a(oapen)doab131511 035 $a(EXLCZ)995840000000412325 100 $a20240213d2021uuuu my- 0 101 0 $afre 135 $aurmn|---annan 181 $ctxt$2rdacontent 182 $cc$2rdamedia 183 $acr$2rdacarrier 200 10$aTerritoires et réseaux en Bretagne et Pays de la Loire à la fin de l?âge de Fer (IIIe-Ier siècles a.C.) 210 $aBordeaux$cAusonius Éditions$d2021 210 31$aBordeaux :$cAusonius Éditions,$d2021 210 4$d©2021 215 $a1 online resource (nnn pages) $cillustrations ;$ddigital file (PDF) 225 1 $aScripta Antiqua 311 08$a2-35613-421-2 330 $aIn the late Iron Age, the northwest of Gaul is divided into several independent cities. In the framework of this archaeological investigation, eight of them were studied between the Channel and the Atlantic coasts. Contrary to what researchers have long admitted, this synthesis, outcome of a doctoral thesis, highlights the full integration of these western regions into the social processes that mark the end of the Iron Age in Celtic Europe. These processes lead to the development of urbanism and the structuring of territories between the 3th and 1st centuries BC. The approach consists in analyzing the forms and functions of urban areas, but also in studying the religious spaces (sanctuaries), the hillforts and the aristocratic rural settlements. Nowadays, this extensive data compilation makes it possible to reason on the economic, even administrative, links existing between these various types of sites. Lastly, it allows you to reflect about the social structuring of the cities and the evolution of their organizations until the Early Roman Empire. 410 0$aScripta Antiqua 606 $aExcavations (Archaeology)$zBrittany 606 $aExcavations (Archaeology)$zPays de la Loire (France) 606 $aSocial sciences$2fast$3(OCoLC)fst01122877 606 $aHumanities$2fast$3(OCoLC)fst00963588 606 $aIron age$zFrance 606 $aEurope celtique 606 $aanalyse spatiale 606 $aagglomérations 606 $asites fortifiés 606 $asanctuaires 606 $aaristocratie 607 $aFrance$2fast 607 $aGaul$xHistory$yTo 58 B.C 615 0$aExcavations (Archaeology) 615 0$aExcavations (Archaeology) 615 7$aSocial sciences. 615 7$aHumanities. 615 0$aIron age 615 4$aEurope celtique 615 4$aanalyse spatiale 615 4$aagglomérations 615 4$asites fortifiés 615 4$asanctuaires 615 4$aaristocratie 700 $aRe?my$b Julie$01699184 906 $aBOOK 912 $a9910765520903321 996 $aTerritoires et réseaux en Bretagne et Pays de la Loire à la fin de l?âge de Fer (IIIe-Ier siècles a.C.)$94081238 997 $aUNINA